=LDR 00000nam 2200000 4500 =001 INLIS000000000046286 =005 20150309093834.0 =006 =007 =008 =020 ##$$a 978-602-8815-70-3 =035 ##$$0010-031500000000058 =040 ##$$a NBPDMAT =082 ##$$a 347.72 =090 ##$$a 347.72 $b Pen p =100 ##$$a Ahyar Ari Goyo, S.H., M.H. =245 ##$$a Penelitian Hukum tentang penelitian BUMD berdasarkan prinsip tata kelola perusahaan yang baik (Good corporate Governance) / $c oleh, Ahyar Ari Goyo, S.H., M.H. ; Editor, Teodrik Simorangkir, S.H., M.H (et-al) =260 ##$$a jakarta : $b Badan Pembinaan Hukum Nasional, $c 2013 =300 ##$$a xii, 103 hlm, ; $b 21 cm. =500 ##$$a Bibliografi : hlm. 99-102 =700 ##$$a Ahyar Ari Goyo, S.H., M.H. =990 ##$$a 0001/BPAP-NTB/20142015